Brány do dávnoveku

Bibliographic Details
Main Author: Janšák, Štefan, 1886-1972 (Author)
Other Authors: Cipár, Miroslav, 1935-2021 (Illustrator)
Format: Book
Language:Slovak
PhysicalDescription:196 strán farebné ilustrácie 25 cm
Published: Bratislava Tatran 1986
Edition:1. vyd. v tejto edícii
Series:Hviezdoslavova knižnica
Subjects:

MARC

LEADER 00000cam a2200000 a 4500
001 vtls001089499
003 SK-MaSNL
005 20260301193733.0
008 240226s1986 xo a gr 000 1dslo
015 |a SNBA1986 
020 |q (brožované) 
035 |a SNK000032339 
035 |a 45EBD8B9-AF7C-4193-A524-8D9B830974DF 
035 |a urn:nbn:sk:snk-am00igkq 
040 |a SNK  |b slo  |c SNK  |e AACR2 
041 0 |a slo 
043 |a e-xo--- 
044 |a xo  |c SK 
072 7 |a 821.162.4-3  |x Slovenská próza  |2 konspekt 
072 7 |a 902  |x Archeológia  |2 konspekt 
072 7 |a 903  |x Pravek  |2 konspekt 
080 |a 902:904  |2 2011 
080 |a 902.2  |2 2011 
080 |a 903  |2 2011 
080 |a 821.162.4-3  |2 2011 
080 |a 94(437.6)  |2 2011 
080 |a (0:82-3)  |2 2011 
100 1 |a Janšák, Štefan,  |d 1886-1972  |4 aut  |9 100103 
245 1 0 |a Brány do dávnoveku  |c Štefan Janšák ; [ilustroval Miroslav Cipár] 
250 |a 1. vyd. v tejto edícii 
260 |a Bratislava  |b Tatran  |c 1986 
300 |a 196 strán  |b farebné ilustrácie  |c 25 cm 
366 |e 3500 kusov 
490 1 |a Hviezdoslavova knižnica  |v zv. 294 
500 |a Ilustrácie na predsádkach. Rozložený ilustrovaný titulný list. Edičné poznámky na strane [198]. Obsahuje biografické údaje o autorovi 
650 0 7 |a pravek  |2 SNKPH  |9 4261 
650 0 7 |a archeologické nálezy  |2 SNKPH  |9 4975 
650 0 7 |a archeologické výskumy  |2 SNKPH  |9 74796 
651 7 |a Slovensko  |x dejiny  |2 SNKPHgeo  |9 13278 
655 7 |a rozprávanie  |2 SNKPH  |9 70513 
655 7 |a slovenské prózy  |2 SNKPH  |9 70229 
700 1 |a Cipár, Miroslav,  |d 1935-2021  |4 ill  |9 111749 
830 0 |a Hviezdoslavova knižnica  |9 277055 
852 |a Slovenská národná knižnica 
954 |a beletria pôvodná (slovenská)  |2 lita 
958 |a RK 
958 |a TL 
958 |a OND 
958 |a LX 
958 |a EUIPO 
999 |c 878813  |d 880743 
952 |t P60, <04>, [BOOK], {604}  |a SNK  |b SNK  |y VYP  |7 0  |p 17A0056992  |o snkSC 66589 D1  |0 0  |1 0  |4 0  |d 1997-03-24  |l 0  |r 2004-12-31 00:00:00  |w 2026-02-24 
952 |a SNK  |b SNK  |y PREZ  |7 0  |p 17A0933535  |o snkSC 66589  |i snkKSP 5659/86  |0 0  |1 0  |4 0  |d 2012-08-16  |f 1  |l 0  |r 2025-07-08 00:00:00  |w 2026-02-24 
952 |a SNKLM  |b SNKLM  |y NEVYP  |7 0  |o snklmKK 541  |i snklm442/2001  |8 7  |0 0  |1 0  |4 0  |d 2006-04-12  |l 0  |r 2026-02-24 06:07:27  |w 2026-02-24